000
00256nam a2200109Ia 4500
008
190907s9999||||xx |||||||||||||| ||und||
100
_a
Berman, Evans
245
0
_a
Retail Management
260
_a
Canada
_b
Prentice Hall
_c
2009
300
_a
682
942
_c
BK
999
_c
6321
_d
6321